000 00656nam a2200193 i 4500
001 160927
003 ES-MaACL
005 20230906212146.0
008 041005s1873 gw |||| | eng d
040 _aCAM
_bspa
_cCAM
100 1 _aOliphant, Margaret.
_9130611
245 1 0 _aInnocent
_b: a tale of modern life /
_cby Oliphant.
260 _aLeipzig :
_bBernhard Tauchnitz,
_c1873.
300 _a2 v. (358 ; 344 p.) ;
_c16 cm.
490 1 _aCollection of british authors ;
_v1346 ; 1347
830 0 _aCollection of british authors ;
_v1346 ; 1347
_9180703
852 _aES-MaACL
_jG-12671
_z-- Enc. hol.
_z-- Enc. 2 t. en 1 v.
999 _c160927
_d160927